| Tag |
First Indicator |
Second Indicator |
Subfields |
| LEADER |
00000cam a2200000 i 4500 |
| 001 |
in00000096890 |
| 005 |
20150925090544.0 |
| 008 |
781115s1964 nmu 00000 eng d |
| 035 |
|
|
|a (OCoLC)04375959
|
| 035 |
|
|
|9 AAL2604AM
|
| 040 |
|
|
|a NML
|c NML
|d TXA
|d UtOrBLW
|
| 043 |
|
|
|a n-us-nm
|
| 049 |
|
|
|a TXAM
|c [436370]
|
| 090 |
|
|
|a TN24.N6
|b A235 no. 74
|
| 100 |
1 |
|
|a File, Lucien A.
|
| 245 |
1 |
0 |
|a Listing of county mining records /
|c compiled by Lucien A. File.
|
| 264 |
|
1 |
|a Socorro :
|b State Bureau of Mines and Mineral Resources,
|c 1964.
|
| 300 |
|
|
|a 50 pages ;
|c 28 cm.
|
| 336 |
|
|
|a text
|b txt
|2 rdacontent
|
| 337 |
|
|
|a unmediated
|b n
|2 rdamedia
|
| 338 |
|
|
|a volume
|b nc
|2 rdacarrier
|
| 490 |
1 |
|
|a New Mexico. Bureau of Mines and Mineral Resources. Circular ;
|v 74
|
| 650 |
|
0 |
|a Mineral industries
|z New Mexico
|x Bibliography.
|
| 830 |
|
0 |
|a Circular (New Mexico. Bureau of Mines and Mineral Resources) ;
|v 74.
|
| 999 |
|
|
|a MARS
|
| 999 |
f |
f |
|s def0444a-83de-353e-896a-71a7fffb3002
|i de702204-d4c2-3a17-a0c4-718d211d8600
|t 0
|
| 952 |
f |
f |
|p ric
|a Texas A&M University
|b Rellis Campus
|c Joint Library Facility
|d Remote Storage
|t 0
|e TN24.N6 A235 no.74
|h Library of Congress classification
|i unmediated -- volume
|m A14805566977
|
| 998 |
f |
f |
|a TN24.N6 A235 no.74
|t 0
|l Remote Storage
|